| Tag |
First Indicator |
Second Indicator |
Subfields |
| LEADER |
00000cam a2200000Ma 4500 |
| 001 |
in00003595751 |
| 005 |
20170928135622.0 |
| 008 |
141022s2014 enk 000 0 eng d |
| 020 |
|
|
|a 9781910500019 (pbk.)
|
| 020 |
|
|
|a 1910500011 (pbk.)
|
| 035 |
|
|
|a (OCoLC)ocn894276811
|
| 040 |
|
|
|a UKM
|e rda
|c UKM
|d COO
|d YDX
|d BDX
|d UtOrBLW
|
| 049 |
|
|
|a TXAM
|
| 082 |
0 |
|
|a 940.421
|2 23
|
| 090 |
|
|
|a D530
|b .T44 2014
|
| 100 |
1 |
|
|a Thermaenius, Pehr,
|e author.
|
| 245 |
1 |
4 |
|a The Christmas match /
|c Pehr Thermaenius.
|
| 264 |
|
1 |
|a London :
|b Uniform Press,
|c 2014.
|
| 300 |
|
|
|a 223 pages :
|b illustrations, maps ;
|c 19 cm.
|
| 336 |
|
|
|a text
|b txt
|2 rdacontent
|
| 337 |
|
|
|a unmediated
|b n
|2 rdamedia
|
| 338 |
|
|
|a volume
|b nc
|2 rdacarrier
|
| 504 |
|
|
|a Includes bibliographical references.
|
| 520 |
|
|
|a After four months of intense fighting, the war in Flanders between German and British soldiers fell silent on Christmas Eve 1914. The soldiers started singing instead of shooting. On Christmas Day they came out of their trenches and met in No Man's Land. Some chased rabbits. Some played football. This true story is about two footballers and soldiers, one Saxon and one Scot, who were in units that played a match in a field between the French villages Houplines and Frelinghien. Scotsman Jimmy Coyle had played professional football before the war. Saxon Albert Schmidt played in the third team for his local club. On Christmas afternoon they each got the chance to defeat their opponents without weapons. Pehr Thermaenius has tracked both Jimmy's and Albert's stories through military archives, from mobilization in August to the hard frozen mud in that field in Flanders that became a football field on Christmas Day. The story of the football match is a light in the darkness as the world remembers the tragic waste of a hundred years ago.
|
| 600 |
1 |
0 |
|a Coyle, Jimmy.
|0 http://id.loc.gov/authorities/names/no2015154770
|
| 600 |
1 |
0 |
|a Schmidt, Albert.
|0 http://id.loc.gov/authorities/names/n85802869
|
| 650 |
|
0 |
|a Christmas Truce, 1914.
|0 http://id.loc.gov/authorities/subjects/sh2001001789
|
| 650 |
|
0 |
|a World War, 1914-1918
|x Campaigns
|z Western Front.
|0 http://id.loc.gov/authorities/subjects/sh85148258
|
| 945 |
|
|
|a PromptCat
|b 368510
|
| 946 |
|
|
|a stk
|
| 947 |
|
|
|a A14842930928
|
| 948 |
|
|
|a cataloged
|b h
|c 2015/11/5
|d c
|e dmitchel
|f 2:20:20 pm
|
| 994 |
|
|
|a 92
|b TXA
|
| 999 |
f |
f |
|s 133518de-b64e-3a4b-94fe-d300ee96c12c
|i 8f37b74e-2212-3a00-8383-4a7868245fec
|t 0
|
| 952 |
f |
f |
|p normal
|a Texas A&M University
|b College Station
|c Sterling C. Evans Library
|d Evans: Library Stacks
|t 0
|e D530 .T44 2014
|h Library of Congress classification
|i unmediated -- volume
|m A14842930928
|
| 998 |
f |
f |
|a D530 .T44 2014
|t 0
|l Evans: Library Stacks
|